000
00269nam a22001217a 4500
008
170314b xxu||||| |||| 00| 0 eng d
041
_a
eng
080
_a
591
100
_a
7
101
_a
SHM
245
_K
CROSSBREEDING BEEF CATTLE SERIES 2
_c
KOGER, M
942
_2
udc
_c
BK
999
_c
7768
_d
7768